LEADER 00876nam0-22003131i-450- 001 990004233270403321 005 20080421112833.0 010 $a88-7923-042-5 035 $a000423327 035 $aFED01000423327 035 $a(Aleph)000423327FED01 035 $a000423327 100 $a19990604d1996----km-y0itay50------ba 101 0 $aita 105 $ay-------00-c- 200 1 $aTra le note$estudi di lessicologia musicale$fa cura di Fiamma Nicolodi e Paolo Trovato 210 $aFiesole [Firenze]$cCadmo$d1996 215 $aIX, 226 p.$d24 cm 610 0 $aMusica$aLessico$aStudi 676 $a780.924 702 1$aNicolodi,$bFiamma 702 1$aTrovato,$bPaolo 801 0$aIT$bUNINA$gRICA$2UNIMARC 901 $aBK 912 $a990004233270403321 952 $a780.924 NIC 1$bBibl.22247$fFLFBC 959 $aFLFBC 996 $aTra le note$978221 997 $aUNINA LEADER 05359nam 2200469 450 001 9910819269703321 005 20220201003237.0 010 $a3-11-134273-5 024 7 $a10.1515/9783111342733 035 $a(CKB)3800000000419209 035 $a(MiAaPQ)EBC5159252 035 $a(DE-B1597)89985 035 $a(OCoLC)1004877886 035 $a(DE-B1597)9783111342733 035 $a(Au-PeEL)EBL5159252 035 $a(PPN)219913331 035 $a(EXLCZ)993800000000419209 100 $a20180825d1972 uy 0 101 0 $afre 135 $aurcnu|||||||| 181 $ctxt$2rdacontent 182 $cc$2rdamedia 183 $acr$2rdacarrier 200 10$aE?tudes de ge?ographie tropicale offertes a? Pierre Gourou /$fa? Pierre Gourou 205 $aReprint 2017 210 1$aParis :$cMouton :$cLa Haye,$d1972. 215 $a1 online resource (616 pages) 225 1 $aMonde d'Outre-Mer Passe? et Pre?sent, Se?rie Etudes ;$v38 311 $a3-11-099143-8 327 $tFrontmatter --$tPréface /$rPapy, Louis --$tGéographie humaine --$tEssai sur l'action humaine /$rBeaujeu-Garnier, Jacqueline --$tSous-développement et géographie /$rIsnard, Hildebert --$tEspace et temps dans l'évolution des cadres régionaux /$rJuillard, Étienne --$tThe Hawksbill Turtle and the Tortoise Shell Trade /$rParsons, James J. --$tLes deux aspects de l'organisation de l'espace /$rVinchemel, Philippe --$tRéflexions sur le métier de géographe /$rRibeiro, Orlando --$tProblèmes de représentation de l'utilisation du sol /$rVanzetti, Carlo --$tAsie des Moussons et Océanie --$tRay et utilisation des terres hautes dans la Thaïlande septentrionale /$rBruneau, Michel --$tDeux aspects de la civilisation du végétal en Asie du Sud-Est /$rCondominas, Georges --$tRemarques sur les agricultures de l'Asie de la Mousson /$rDelvert, Jean --$tCirculation et commerce dans les montagnes tropicales Les pays himalayens /$rDupuis, Jacques --$tCroissance agricole et disparités régionales au Pakistan /$rÉtìenne, Gilbert --$tLa géopolitique du Cambodge et la deuxième guerre d'Indochine /$rGarry, Robert --$tLes Chinois aux Hawaï /$rLemps, Christian Huetz de --$tCaractères de la mortalité féminine et de la mortalité des enfants au Cambodge /$rMigozzi, Jacques --$tLa nouvelle emprise chinoise sur le milieu géographique dévolution et tradition /$rPezeu-Massabuau, Jacques --$tLa région de Kampot Paysage et civilisation /$rCourtier, Poland --$tU irrigation dans le Nord du Laos L'exemple du bassin de la Nam Song à Vang Vieng /$rTaillard, Chritian --$tAfrique tropicale --$tA propos du questionnaire sur la toponymie africaine établi par un linguiste anglophone /$rCornevin, Robert --$tContribution à l'étude climatique du désert côtier d'Angola /$rDaveau, Suzanne --$tL'« Afrique » de Pierre Gourou et le point de vue d'un administrateur /$rDelavignette, Robert --$tUne enquête budget-temps dans les Uélé (République du Zaïre) /$rSmet, Roger E. De --$tEssai sur la situation actuelle des relations entre pasteurs et paysans dans le Sahel ouest-africain /$rGallais, Jean --$tLes problèmes du Cap-Vert /$rGuichonnet, Paul --$tSenegal and Gambia Some Problems of Association /$rHarrison-Church, Ronald J. --$tOrìgine et sens du nom des Sakalava de Madagascar /$rMolet, Louis --$tLes destinées d'un pays equatorial Le lac Léopold II /$rNicolai, Henri --$tCafé et cacao chez les petits paysans d'Afrique noire /$rPapy, Louis --$tL'organisation et le bilan du commerce français de l'arachide en Afrique occidentale de 1848 à 1885 /$rPéhaut, Yves --$tRéflexions sur une entreprise de développement par la vulgarisation agricole /$rPélissier, Paul --$tUtilisation du sol et organisation de l'espace en Imerina ancienne /$rRaison, Jean-Pierre --$tSectes secrètes zande (République du Zaïre) /$rSalmon, Pierre --$tQuelques exemples de structures agraires dans les territoires tropicaux portugais d'Afrique /$rBrito, Raquel Soeiro de --$tThe Challenge to Geographers of the Study of Population in Tropical Africa /$rSteel, Robert Walter --$tRecherche d'un cadre régional de planification en Côte-d'Ivoire /$rTrouchaud, Jean-Pierre --$tL'approvisionnement des villes en Afrique noire. Un problème à étudier /$rVennetier, Pierre --$tAmérique tropicale --$tLes relations d'une société et d'un milieu géographique ha plantation antillaise /$rBenoist, Jean --$tJamaica and Martinique Contrasting Aspects of Folk Agriculture and Non-Folk Agriculture /$rCrist, Raymond E. / Popenoe, Hugh --$tLe développement des villes principales aux Antilles l'exemple de Port of Spain /$rGiacottino, Jean-Claude --$tha petite propriété des Antilles françaises dans la crise de l'économie de plantation /$rLasserre, Guy --$tMiscellanées --$tLes villages de pêcheurs de la côte Noroît du bassin d'Arcachon /$rCassou-Mounat, Micheline --$tLe nom d'Andalousie /$rSermet, Jean --$tTable des matières 410 0$aMonde d'outre-mer, passe? et pre?sent.$nPremie?re se?rie,$pEtudes. 606 $aGeographers 615 0$aGeographers. 676 $a910.23 700 $aGourou$b Pierre$0129402 801 0$bMiAaPQ 801 1$bMiAaPQ 801 2$bMiAaPQ 906 $aBOOK 912 $a9910819269703321 996 $aE?tudes de ge?ographie tropicale offertes a? Pierre Gourou$93973478 997 $aUNINA LEADER 05611nam 2200553 450 001 9910819865103321 005 20230711095317.0 010 $a90-272-6131-8 035 $a(CKB)4100000010673745 035 $a(MiAaPQ)EBC6142362 035 $a(EXLCZ)994100000010673745 100 $a20200629d2020 uy 0 101 0 $aeng 135 $aurcnu|||||||| 181 $ctxt$2rdacontent 182 $cc$2rdamedia 183 $acr$2rdacarrier 200 00$aCorpora and the changing society $estudies in the evolution of English /$fedited by Paula Rautionaho, Arja Nurmi, Juhani Klemola 210 1$aAmsterdam ;$aPhiladelphia :$cJohn Benjamins Publishing Company,$d[2020] 210 4$d©2020 215 $a1 online resource (319 pages) 225 1 $aStudies in corpus linguistics ;$v96 311 $a90-272-0543-4 320 $aIncludes bibliographical references. 327 $aIntro -- Corpora and the Changing Society -- Editorial page -- Title page -- Copyright page -- Table of contents -- Acknowledgements -- Introduction: Corpora and the changing society -- Part I. Changing society -- The great temptation: What diachronic corpora do and do not reveal about social change -- 1. Introduction -- 2. Five pitfalls in the analysis of diachronic corpus data -- 2.1 Corpus frequencies (semasiological frequencies) are not always equivalent to frequencies of entities and events in the real world (onomasiological frequencies) 2.2 Corpus frequencies of polysemous words need to be broken down into sense-specific and construction-specific frequencies -- 2.3 Correlations in large datasets may be spurious -- 2.4 Comparisons of frequency trends in diachronic corpora require adequate statistical treatment -- 2.5 It is not always easy to disentangle social change and linguistic change -- 3. Giving in to temptation: A case study of the English make-causative -- 3.1 The English make-causative construction -- 3.2 Corpus data and descriptive statistics 3.3 Using distributional semantics to study the development of the make-causative -- 3.4 Discussion -- 4. Conclusions -- References -- Corpora -- Other references -- Changes in society and language: Charting poverty -- 1. Introduction -- 2. Data and pre-processing -- 2.1 The EEBO Collection as sampler corpus -- 2.2 The CLMET3.0 corpus -- 2.3 The pre-processing step of spelling normalization -- 3. Methods -- 3.1 Data-based and data-driven approaches -- 3.2 Document classification -- 3.3 Topic modelling -- 3.4 Conceptual maps -- 4. Results and discussion -- 4.1 Dictionary-based approach 4.2 Topic modelling -- 4.3 Conceptual maps -- 5. Conclusions -- References -- Corpora and software -- Other references -- Finding evidence for a changing society: A collocational study of medical discourse in 1500-1800 -- 1. Introduction -- 2. Background -- 3. Materials and method -- 4. Results -- 4.1 The Corpus of Early Modern English Medical Texts (1500-1700) -- 4.2 The Corpus of Late Modern English Medical Texts (1700-1800) -- 5. Discussion -- 6. Conclusion -- References -- Corpora and software -- Other references Semantic neology: Challenges in matching corpus-based semantic change to real-world change -- 1. Introduction -- 2. Data and methods -- 2.1 Data and tools -- 2.2 Tracking the neosemes -- 3. Case studies -- 3.1 Case study 1: Birther -- 3.2 Case study 2: Normalisation -- 3.3 Case study 3: Cougar -- 3.4 Case study 4: Snowflake -- 3.5 Case study 5: Ghosting -- 4. Discussion -- 4.1 Challenges -- 4.2 Measures shown to allow or enhance system performance -- 4.3 Sociolinguistic insights gained in the study -- 5. Conclusion -- References -- Corpora and tools -- Other references. 330 $a"This book showcases eleven studies dealing with corpora and the changing society. The theme of the volume reflects the fact that changes in society lead to changes in language and vice versa. Focusing on the English language, be it from Old English to the present, or a shorter time span in the immediate past, the contributors in this volume use a variety of corpus methods to address the two patterns of change. The cross-fertilization of cultural studies and corpus linguistics, we hope, is beneficial for both parties, as corpus linguistics offers a vast array of materials and methods to investigate cultural and societal change, while cultural studies provide the theoretical background on which to build our research. The studies included in the present volume illustrate the potential avenues and the merits of combining changing language and changing societies". 410 0$aStudies in corpus linguistics ;$v96. 606 $aEnglish language$xGrammar$xData processing$vCongresses 606 $aEnglish language$xResearch$xData processing$vCongresses 606 $aEnglish language$xDiscourse analysis$xData processing$vCongresses 606 $aEnglish language$xVariation$xHistory$vCongresses 606 $aEnglish language$xSocial aspects$vCongresses 606 $aComputational linguistics$vCongresses 615 0$aEnglish language$xGrammar$xData processing 615 0$aEnglish language$xResearch$xData processing 615 0$aEnglish language$xDiscourse analysis$xData processing 615 0$aEnglish language$xVariation$xHistory 615 0$aEnglish language$xSocial aspects 615 0$aComputational linguistics 676 $a420.9 702 $aRautionaho$b Paula 702 $aNurmi$b Arja 801 0$bMiAaPQ 801 1$bMiAaPQ 801 2$bMiAaPQ 906 $aBOOK 912 $a9910819865103321 996 $aCorpora and the changing society$91762368 997 $aUNINA LEADER 02142oas 2200757 a 450 001 9910891349103321 005 20260127110543.0 011 $a1848-2511 035 $a(OCoLC)762029421 035 $a(CONSER) 2012263165 035 $a(CKB)2550000000030245 035 $a(DE-599)ZDB3100695-4 035 $a(DE-599)3100695-4 035 $a(EXLCZ)992550000000030245 100 $a20110601a20079999 uy 101 0 $aeng 135 $aur||||||||||| 181 $ctxt$2rdacontent 182 $cc$2rdamedia 183 $acr$2rdacarrier 200 10$aKairos $eevangelical journal of theology 210 $aZagreb [Croatia] $cBiblical Institute$d[2007]- 300 $aRefereed/Peer-reviewed 311 08$a1846-4599 517 3 $aEvangelical journal of theology 606 $aChurches of Christ$xDoctrines$vPeriodicals 606 $aChurches of Christ$zCroatia$vPeriodicals 606 $aE?glises du Christ$xDoctrines$vPe?riodiques 606 $aE?glises du Christ$zCroatie$vPe?riodiques 606 $aChurches of Christ$2fast$3(OCoLC)fst00861154 606 $aChurches of Christ$xDoctrines$2fast$3(OCoLC)fst00861157 606 $aEducation$2fast$3(OCoLC)fst00902499 607 $aCroatia$2fast$1https://id.oclc.org/worldcat/entity/E39PBJqBvTfkJyB3h3MYHMm8G3 608 $aPeriodicals.$2fast 615 0$aChurches of Christ$xDoctrines 615 0$aChurches of Christ 615 6$aE?glises du Christ$xDoctrines 615 6$aE?glises du Christ 615 7$aChurches of Christ. 615 7$aChurches of Christ$xDoctrines. 615 7$aEducation. 712 02$aBiblijski institut 801 0$bAU@ 801 1$bAU@ 801 2$bOCLCQ 801 2$bTXA 801 2$bOCLCO 801 2$bOCLCQ 801 2$bOCLCA 801 2$bTXA 801 2$bOCLCF 801 2$bOCLCA 801 2$bOCLCQ 801 2$bOCLCO 801 2$bOCLCQ 801 2$bOCLCA 801 2$bOCL 801 2$bVT2 801 2$bOCLCO 801 2$bOCLCL 801 2$bUEJ 801 2$bOCLCL 906 $aJOURNAL 912 $a9910891349103321 996 $aKairos$9888997 997 $aUNINA